ბათუმის შოთა რუსთაველის სახელმწიფო უნივერსიტეტის ბიბლიოთეკა

ბაქტერიოფაგოთერაპიის პედიატრიული ასპექტები ასპექტები / (ბიბ.ჩანაწერი № 51764)

000 -ლიდერი
ფიქსირებული სიგრძის საკონტროლო ველი 01456nam a2200253Ia 4500
001 - საკონტროლო ნომერი
საკონტროლო ველი 18756
003 - საკონტროლო ნომრის იდენტიფიკატორი
საკონტროლო ველი GE_BSU
005 - ბოლო ოპერაციის თარიღი და დრო
საკონტროლო ველი 20210412162144.0
008 - ფიქსირებული სიგრძის მონაცემთა ელემენტები - ზოგადი ინფორმაცია
ფიქსირებული სიგრძის საკონტროლო ველი 181216s2016||||ge |||||||||||||| ||geo||
040 ## - კატალოგიზაციის წყარო
Transcribing agency GE_BSU
041 ## - ენის კოდი
Language code of text/sound track or separate title geo
080 ## - უნივერსალური ათობითი კლასიფიკაციის ინდექსი
Universal Decimal Classification number 61 მ-62
100 ## - მთავარი ჩანაწერი - პიროვნების სახელი
Personal name მეცხვარიშვილი, გელა
9 (RLIN) 11227
245 ## - ცნობა სათაურის შესახებ
Title ბაქტერიოფაგოთერაპიის პედიატრიული ასპექტები ასპექტები /
Statement of responsibility, etc გელა მეცხვარიშვილი; მეცნ. ხელმძღვანელი ყ. ფაღავა, ი. კორინთელი.
264 ## - წარმოების, გამოცემის, დისტრიბუციის და სხვა ცნობები
გამოცემის, წარმოების, დისტრიბუციის... ადგილი თბილისი :
გამოცემის, წარმოების, დისტრიბუციის... სახელწოდება თბილისის სახელმწ. სამედიცინო უნ-ტის გამ-ბა,
გამოცემის, წარმოების, დისტრიბუციის... თარიღი 2016.
300 ## - ფიზიკური აღწერა
Extent 107 გვ. ;
Other physical details 30 სმ.
653 ## - INDEX TERM--UNCONTROLLED
Uncontrolled term ბაქტერიოფაგოთერაპიის პედიატრიული ასპექტები ასპექტები
653 ## - INDEX TERM--UNCONTROLLED
Uncontrolled term დისერტაცია
653 ## - INDEX TERM--UNCONTROLLED
Uncontrolled term მედიცინა
700 ## - ADDED ENTRY--PERSONAL NAME
Personal name ფაღავა, ყ.
Relator term მეცნ. ხელმძღვანელი
9 (RLIN) 11228
700 ## - ADDED ENTRY--PERSONAL NAME
Personal name კორინთელი, ი.
Relator term მეცნ. ხელმძღვანელი
9 (RLIN) 11229
710 ## - ADDED ENTRY--CORPORATE NAME
Corporate name or jurisdiction name as entry element თბილისის სახ-ლო სამედიცინო უნ-ტი
9 (RLIN) 10087
942 ## - ADDED ENTRY ELEMENTS (KOHA)
Koha item type წიგნი
Source of classification or shelving scheme
ეგზემპლარები
ჩამოწერის სტატუსი დაკარგული ეგზემპლარის სტატუსი კლასიფიკაციის წყარო ან თაროზე გაწყობის სქემა დაზიანების სტატუსი არ გაიცემა მუდმივი მდებარეობა (დაცვის ადგილი) ამჟამინდელი ადგილსამყოფელი თაროზე განთავსების ადგილი შეძენის თარიღი სრული შენახვის შიფრი შტრიხკოდი ბოლო ოპერაციის თარიღი ეგზემპლარის მიმდევრობითი ნომერი (კეტერი?) ფასის ძალაში შესვლის თარიღი ეგზემპლარის სახეობა საჯარო შენიშვნა
          ბათუმის შოთა რუსთაველის სახელმწიფო უნივერსიტეტის მთავარი ბიბლიოთეკა ბათუმის შოთა რუსთაველის სახელმწიფო უნივერსიტეტის მთავარი ბიბლიოთეკა წიგნსაცავი 2018-12-17 61 მ-62 231 დისერტ. 2018-12-17 231 2018-12-17 დისერტაცია